00343 a2200109 4500001001000000005001700010008004100027245007700068100001800145773005300163999001700216ART_3817020260410161739.0260409a 10aLos daños derivados de discriminación laboral y la violencia laboral1 aDuarte, David0 tDoctrina laboralg- Nº 353 (ene. 2015)wREV4049 c18562d18562